[Event "IND-ch U25"]
[Site "India"]
[Date "2000.12.23"]
[Round "2"]
[White "Joshi, Pankaj"]
[Black "Nayak, Amaresh"]
[Result "1-0"]
[WhiteElo "2308"]
[BlackElo "2074"]
[PlyCount "42"]
[EventDate "2000.12.??"]
[EventType "swiss"]
[EventRounds "9"]
[EventCountry "IND"]
[SourceTitle "EXT 2006"]
[Source "ChessBase"]
[SourceDate "2005.11.24"]
[SourceVersion "1"]
[SourceVersionDate "2005.11.24"]
[SourceQuality "1"]

1. d4 Nf6 2. c4 e6 3. Nc3 d5 4. Nf3 Be7 5. cxd5 exd5 6. Bg5 0-0 7. e3 b6 8. Bd3 Nbd7 9. 0-0 Bb7 10. Rc1 Ne4 11. Bf4 c5 12. dxc5 Ndxc5 13. Nd4 Nxd3 14. Qxd3 Bd6 15. Bxd6 Nxd6 16. Rfd1 Ne4 17. Nf5 g6 18. Nxe4 gxf5 19. Ng3 Qf6 20. Qxf5 Qxf5 21. Nxf5 Bc8 1-0